Welcome to CU Library Online Public Access Catalogue (OPAC)

Intranet bible / (Record no. 4976)

MARC details
000 -LEADER
fixed length control field 01054cam a2200265 a 4500
001 - CONTROL NUMBER
control field 716232
005 - DATE AND TIME OF LATEST TRANSACTION
control field 20250319173239.0
008 - FIXED-LENGTH DATA ELEMENTS--GENERAL INFORMATION
fixed length control field 970318s1997 nvua 001 0 eng d
020 ## - INTERNATIONAL STANDARD BOOK NUMBER
International Standard Book Number 1884133312 (pbk.) :
Terms of availability $49.95
050 04 - LIBRARY OF CONGRESS CALL NUMBER
Classification number HD30.385
Item number .B74 1997
082 00 - DEWEY DECIMAL CLASSIFICATION NUMBER
Classification number 004.6
Edition information 21
100 1# - MAIN ENTRY--PERSONAL NAME
Personal name Bremner, Lynn M.
245 10 - TITLE STATEMENT
Title Intranet bible /
Statement of responsibility, etc. by Lynn M. Bremner, Anthony F. Iasi, and Al Servati.
260 ## - PUBLICATION, DISTRIBUTION, ETC.
Place of publication, distribution, etc. Las Vegas, NV :
Name of publisher, distributor, etc. Jamsa Press,
Date of publication, distribution, etc. c1997.
300 ## - PHYSICAL DESCRIPTION
Extent xvi, 464 p. :
Other physical details ill. ;
Dimensions 24 cm. +
Accompanying material 1 computer laser optical disc (4 3/4 in.)
500 ## - GENERAL NOTE
General note "CD-ROM contains: an electronic version of the Intranet Bible, the Java and Perl programming languages, Adobe Arobat reader, and other utilities"--P. [4] of cover.
500 ## - GENERAL NOTE
General note Includes indexes.
650 #0 - SUBJECT ADDED ENTRY--TOPICAL TERM
Topical term or geographic name entry element Intranets (Computer networks)
650 #0 - SUBJECT ADDED ENTRY--TOPICAL TERM
Topical term or geographic name entry element Intranets (Computer networks)
General subdivision Computer network resources.
650 #0 - SUBJECT ADDED ENTRY--TOPICAL TERM
Topical term or geographic name entry element HTML (Document markup language)
650 #0 - SUBJECT ADDED ENTRY--TOPICAL TERM
Topical term or geographic name entry element Business enterprises
General subdivision Computer networks.
700 1# - ADDED ENTRY--PERSONAL NAME
Personal name Iasi, Anghony F.
700 1# - ADDED ENTRY--PERSONAL NAME
Personal name Servati, Al.
942 ## - ADDED ENTRY ELEMENTS (KOHA)
Source of classification or shelving scheme Library of Congress Classification
Koha item type Books
Suppress in OPAC No
999 ## -
-- 4976
-- 4976
Holdings
Withdrawn status Lost status Source of classification or shelving scheme Damaged status Not for loan Collection Home library Current library Shelving location Date acquired Total checkouts Full call number Barcode Date last seen Copy number Price effective from Koha item type
    Library of Congress Classification     Non-fiction Undergraduate Library (Christ Temple) Undergraduate Library (Christ Temple) General stacks 03/19/2025   HD30.385 BRE ulct00001795 03/19/2025 1 03/19/2025 Books
© 2023-2024 Copyright: Central University Libraries. All Rights Reserved | Created by: Mahone Tech Office